000 00542nam a22002297a 4500
003 UA-OsUOA
001 64213
007 ta
008 20091103b un ||||| |||| 00| 0 ukr d
100 _aЛюблинская А.
090 _a930.272
_bЛ93
942 _cBK
040 _aUA-OsUOA
_brus
_cUA-OsUOA
_dUA-OsUOA
245 _aЛатинская палеография
300 _a191 с.
955 _a2
041 _arus
080 _a930.272
260 _aМ.
_bВисшая школа
_c1969
650 7 _2UDC
999 _c350252
_d350252